Vplyv migrácie na sino-ruskú energetickú spoluprácu

Príliv PZI z Číny do Ruskej federácie v oblasti energetiky a prekážky brániace tomuto toku. Príspevok odhaľuje nenaplnený potenciál sino-ruskej energetickej spolupráce a identifikuje možné hlavné príčiny. Konkrétne sa sústredí na faktor čínskej migrácie do Ruska súvisiacej s prílivom čínskych PZI, o...

Full description

Saved in:
Bibliographic Details
Main Author: Kuchyňková, Michaela
Other Authors: Raneta, Leonid, 1982-
Format: Book Chapter
Language:Slovak
Subjects:
Tags: Add Tag
No Tags, Be the first to tag this record!

MARC

LEADER 00000nla a2200000 4500
001 0199080
005 20240502073350.3
041 0 |a slo 
044 |a SK 
245 1 0 |a Vplyv migrácie na sino-ruskú energetickú spoluprácu  |c Michaela Kuchyňková, Leonid Raneta 
520 |a Príliv PZI z Číny do Ruskej federácie v oblasti energetiky a prekážky brániace tomuto toku. Príspevok odhaľuje nenaplnený potenciál sino-ruskej energetickej spolupráce a identifikuje možné hlavné príčiny. Konkrétne sa sústredí na faktor čínskej migrácie do Ruska súvisiacej s prílivom čínskych PZI, označovanej za hrozbu. Analyzuje vzťah prílivu investícií z ČĽR do ruských federálnych oblastí Ďalekého východu a Sibírskej oblasti s prílivom čínskych migrantov do týchto regiónov. Výsledkom analýzy je odmietnutie existencie tejto korelácie. 
610 2 0 |a Čína 
610 2 0 |a Rusko 
610 2 0 |a energetika 
610 2 0 |a investície priame zahraničné 
610 2 0 |a migrácia 
100 1 |a Kuchyňková, Michaela 
700 1 |a Raneta, Leonid, 1982-